000 00408nam a2200157 a 4500
001 29326
005 20180713232343.0
008 140415s1993 mx 000 0 spa d
020 _a9684841337
041 _aspa
082 _a920.02
_bLOP
245 0 0 _aADOLFO LOPEZ MATEOS
250 _a1a ed.
260 _aMEXICO :
_bINSTITUTO MEXIQUENSE DE CULTURA,
_c1993
300 _a219
_c14 x 2 x 20
999 _c29326
_d29326